[Event "Monarch Assurance Isle of Man 14th"]
[Site "Port Erin IOM"]
[Date "2005.09.26"]
[Round "3.16"]
[White "Erenburg, Sergey"]
[Black "Peek, Marcel"]
[Result "1-0"]
[WhiteElo "2595"]
[BlackElo "2373"]
[PlyCount "119"]
[EventDate "2005.09.24"]
[EventType "swiss"]
[EventRounds "9"]
[EventCountry "IOM"]

1. e4 e6 2. d4 d5 3. Nd2 Nf6 4. e5 Nfd7 5. c3 c5 6. Bd3 Nc6 7. Ngf3 Be7 8. O-O
g5 9. dxc5 g4 10. Nd4 Ndxe5 11. Bb5 Bd7 12. N2b3 h5 13. Qe2 Nxd4 14. Qxe5 Bf6
15. Bxd7+ Kf8 16. Qd6+ Be7 17. Qe5 Bf6 18. Qd6+ Be7 19. Bg5 Bxd6 20. Bxd8 Nxb3
21. Bf6 Nxc5 22. Bxh8 Nxd7 23. Bd4 Ke7 24. Rad1 b5 25. f4 Nc5 26. Bxc5 Bxc5+
27. Kh1 f5 28. Rfe1 Kf6 29. g3 Rc8 30. Kg2 a5 31. h3 Bf8 32. hxg4 hxg4 33. Kf2
Bg7 34. Ke2 a4 35. Kd3 Kf7 36. Rc1 Ra8 37. Rh1 Rc8 38. Rc2 Kg6 39. Re2 Rc6 40.
a3 Kf7 41. Rh7 Kg8 42. Rh5 Kf7 43. Reh2 Rc7 44. Rg5 Kf6 45. Rh7 Re7 46. Ke3 Rf7
47. Kd4 Rc7 48. Kd3 Re7 49. Kd2 Rf7 50. Kc2 Rc7 51. b3 Re7 52. bxa4 bxa4 53.
Kd3 Bf8 54. Rh8 Rf7 55. Rgg8 Bg7 56. Rh1 Rb7 57. Ra8 Rb3 58. Re1 Kf7 59. Ra7+
Kg8 60. Rxe6 1-0

[Event "Monarch Assurance Isle of Man 14th"]
[Site "Port Erin IOM"]
[Date "2005.09.26"]
[Round "3.17"]
[White "Kogan, Artur"]
[Black "Hanley, Craig A"]
[Result "1-0"]
[WhiteElo "2580"]
[BlackElo "2367"]
[PlyCount "207"]
[EventDate "2005.09.24"]
[EventType "swiss"]
[EventRounds "9"]
[EventCountry "IOM"]

1. e4 e5 2. Nf3 Nc6 3. Bc4 Nf6 4. d3 Be7 5. O-O O-O 6. Re1 d6 7. a4 Na5 8. Ba2
c5 9. c3 Be6 10. Nbd2 Qd7 11. b4 cxb4 12. cxb4 Nc6 13. b5 Na5 14. Ba3 Rfc8 15.
Qb1 a6 16. Qb2 Bxa2 17. Rxa2 h6 18. Nf1 Bd8 19. Qb4 axb5 20. axb5 Rc5 21. Rb1
b6 22. Ne3 Be7 23. Qb2 Rcc8 24. Nd2 Bf8 25. d4 Qc7 26. Raa1 exd4 27. Qxd4 Nb7
28. Nf5 Qc3 29. Bb2 Qxd4 30. Bxd4 Nd7 31. Ne3 Be7 32. Ndc4 Bd8 33. f3 Rxa1 34.
Rxa1 Bg5 35. Nxb6 Nxb6 36. Bxb6 Nc5 37. Nd5 Nb3 38. Rd1 Nc1 39. f4 Ne2+ 40. Kf2
Nxf4 41. Nxf4 Bxf4 42. Ba7 Rc2+ 43. Kf3 Bxh2 44. Rb1 Rc3+ 45. Ke2 d5 46. exd5
Rc7 47. b6 Rd7 48. Rb5 Rb7 49. Kd3 Kf8 50. Kc4 Ke7 51. Rc5 h5 52. Kb5 Kd6 53.
Rc3 Kxd5 54. Rc5+ Ke4 55. Rxh5 Bg1 56. Ka6 Rd7 57. Rh4+ Kf5 58. Bb8 g5 59. Rb4
Bxb6 60. Kxb6 Rd2 61. g3 Re2 62. Kc5 Re4 63. Rb7 f6 64. Kd5 Re8 65. Bd6 Kg4 66.
Rg7 Re1 67. Rg6 Kf5 68. Rg8 Rd1+ 69. Kc6 Kg4 70. Rf8 f5 71. Rg8 Rd4 72. Kc5 Re4
73. Kd5 Kh5 74. Be5 Ra4 75. Ke6 Kg4 76. Kd5 Kh5 77. Rg7 Rb4 78. Bd6 Re4 79. Be5
Ra4 80. Bf6 Rg4 81. Ke5 Rxg3 82. Kxf5 Rf3+ 83. Ke5 g4 84. Be7 g3 85. Ke4 Rf1
86. Bd6 Kh6 87. Rxg3 Kh5 88. Bf4 Kh4 89. Kf5 Rh1 90. Rb3 Rg1 91. Ra3 Rg8 92.
Ra6 Kh3 93. Ra2 Rf8+ 94. Ke4 Kg4 95. Rg2+ Kh3 96. Rg6 Kh4 97. Kf3 Rf5 98. Rg7
Kh5 99. Ke4 Rf8 100. Rg5+ Kh4 101. Kf3 Ra8 102. Rb5 Ra3+ 103. Be3 Ra6 104. Bf2+
1-0

[Event "Monarch Assurance Isle of Man 14th"]
[Site "Port Erin IOM"]
[Date "2005.09.26"]
[Round "3.18"]
[White "Zimmerman, Yuri"]
[Black "Fridman, Daniel"]
[Result "0-1"]
[WhiteElo "2375"]
[BlackElo "2566"]
[PlyCount "118"]
[EventDate "2005.09.24"]
[EventType "swiss"]
[EventRounds "9"]
[EventCountry "IOM"]

1. d4 d5 2. c4 e6 3. Nf3 Nf6 4. g3 dxc4 5. Bg2 a6 6. O-O b5 7. Ne5 c6 8. Nxc6
Qb6 9. Ne5 Bb7 10. Bxb7 Qxb7 11. a4 Nc6 12. b3 Nxe5 13. dxe5 Rd8 14. Qc2 cxb3
15. Qxb3 Nd7 16. axb5 axb5 17. Na3 Rb8 18. Rb1 b4 19. Nc2 Qe4 20. Rd1 Nc5 21.
Qf3 Rc8 22. Bg5 h6 23. Be3 Qxc2 24. Rbc1 Qa4 25. Ra1 Qc2 26. Rdc1 Qf5 27. Ra8
Qxf3 28. Rxc8+ Kd7 29. exf3 Kxc8 30. Bxc5 Kd7 31. Bb6 f6 32. Rc7+ Ke8 33. f4
fxe5 34. fxe5 g5 35. g4 h5 36. h3 hxg4 37. hxg4 b3 38. Rb7 Ba3 39. Bd4 Rh3 40.
Be3 b2 41. Kg2 Rh4 42. f3 Rh7 43. Rb8+ Kd7 44. Bd4 Kc7 45. Rxb2 Bxb2 46. Bxb2
Kc6 47. Bc1 Rg7 48. Ba3 Kd5 49. Bf8 Rh7 50. Bd6 Kd4 51. Kg3 Rb7 52. Kf2 Rh7 53.
Kg3 Ra7 54. Bb8 Rb7 55. Bd6 Ke3 56. Bf8 Rf7 57. Bh6 Rxf3+ 58. Kg2 Kf4 59. Bxg5+
Kxg4 0-1

[Event "Monarch Assurance Isle of Man 14th"]
[Site "Port Erin IOM"]
[Date "2005.09.26"]
[Round "3.19"]
[White "Malakhatko, Vadim"]
[Black "Radovanovic, Jovica"]
[Result "1-0"]
[WhiteElo "2556"]
[BlackElo "2357"]
[Annotator "corrected score"]
[PlyCount "71"]
[EventDate "2005.09.24"]
[EventType "swiss"]
[EventRounds "9"]
[EventCountry "IOM"]

1. d4 Nf6 2. c4 g6 3. Nc3 Bg7 4. e4 d6 5. f3 O-O 6. Nge2 a6 7. Be3 Nc6 8. Qd2
Rb8 9. Rb1 Re8 10. b4 Nd7 11. a3 Nb6 12. Nc1 e6 13. c5 Nd7 14. Nb3 b6 15. cxd6
cxd6 16. b5 Na5 17. bxa6 Nxb3 18. Rxb3 d5 19. Bg5 f6 20. Be3 Ra8 21. a7 Rxa7
22. Nb5 Ra5 23. Nd6 Rf8 24. Nxc8 Qxc8 25. exd5 exd5 26. Bb5 Rf7 27. O-O Nf8 28.
Rc1 Rc7 29. Rxc7 Qxc7 30. a4 Ra7 31. Rc3 Qf7 32. Rc6 Nd7 33. Qc1 Qe7 34. Bf2 f5
35. Rc7 Bh6 36. Qc6 {[corrected score]} 1-0

[Event "Monarch Assurance Isle of Man 14th"]
[Site "Port Erin IOM"]
[Date "2005.09.26"]
[Round "3.20"]
[White "Adly, Ahmed"]
[Black "Ashton, Adam"]
[Result "1/2-1/2"]
[WhiteElo "2503"]
[BlackElo "2294"]
[PlyCount "69"]
[EventDate "2005.09.24"]
[EventType "swiss"]
[EventRounds "9"]
[EventCountry "IOM"]

1. d4 d5 2. Nf3 Nf6 3. e3 Bg4 4. c4 e6 5. Qb3 Bxf3 6. Qxb7 Nbd7 7. gxf3 c5 8.
Nc3 cxd4 9. exd4 dxc4 10. Bxc4 Be7 11. Rg1 O-O 12. Bh6 Ne8 13. Qe4 Kh8 14. Be3
Ndf6 15. Qd3 Rb8 16. Bb3 Nd6 17. Rd1 Nf5 18. d5 Nxe3 19. fxe3 exd5 20. Nxd5
Nxd5 21. Qxd5 Qc7 22. Qh5 g6 23. Qh6 Bf6 24. Rg2 Rfd8 25. Rxd8+ Rxd8 26. Rc2
Qa5+ 27. Ke2 Bg5 28. Qh3 Qe5 29. Rc3 Qd6 30. f4 Bf6 31. Rc2 Qd1+ 32. Kf2 Rd2+
33. Rxd2 Qxd2+ 34. Kf3 Kg7 35. Qg2 1/2-1/2

[Event "Monarch Assurance Isle of Man 14th"]
[Site "Port Erin IOM"]
[Date "2005.09.26"]
[Round "3.21"]
[White "Duhayon, Yves"]
[Black "Howell, David W"]
[Result "0-1"]
[WhiteElo "2230"]
[BlackElo "2471"]
[PlyCount "98"]
[EventDate "2005.09.24"]
[EventType "swiss"]
[EventRounds "9"]
[EventCountry "IOM"]

1. Nf3 Nf6 2. c4 g6 3. Nc3 d5 4. cxd5 Nxd5 5. Qb3 Nb6 6. d4 Bg7 7. Bg5 Be6 8.
Qc2 Nc6 9. Rd1 Bf5 10. Qc1 O-O 11. e3 h6 12. Bh4 Qe8 13. Bb5 a6 14. Bxc6 Qxc6
15. O-O Bg4 16. e4 Bxf3 17. gxf3 g5 18. Bg3 f5 19. exf5 Rxf5 20. Rfe1 h5 21.
Rxe7 h4 22. Bxc7 Qxf3 23. Qe3 Qg4+ 24. Kh1 Nd5 25. Qe6+ Kh8 26. Rxg7 Qf3+ 27.
Kg1 Qxf2+ 28. Kh1 Qf3+ 29. Kg1 Kxg7 30. Be5+ Nf6 31. Qd5 Kg6 32. Qxf3 Rxf3 33.
d5 Nd7 34. Bc7 Re8 35. d6 g4 36. Nd5 Re2 37. Nb6 Rff2 38. Nxd7 Rg2+ 39. Kf1
Ref2+ 40. Ke1 Re2+ 41. Kf1 Ref2+ 42. Ke1 g3 43. hxg3 hxg3 44. Ne5+ Kh7 45. Nf3
Re2+ 46. Kf1 Ref2+ 47. Ke1 Rxf3 48. Bb6 Rxb2 49. d7 g2 0-1

[Event "Monarch Assurance Isle of Man 14th"]
[Site "Port Erin IOM"]
[Date "2005.09.26"]
[Round "3.22"]
[White "Allen, Keith"]
[Black "Neubauer, Martin"]
[Result "1-0"]
[WhiteElo "2210"]
[BlackElo "2468"]
[PlyCount "125"]
[EventDate "2005.09.24"]
[EventType "swiss"]
[EventRounds "9"]
[EventCountry "IOM"]

1. d4 Nf6 2. c4 c5 3. d5 b5 4. cxb5 a6 5. bxa6 g6 6. Nc3 Bxa6 7. g3 d6 8. Bg2
Bg7 9. Nf3 Nbd7 10. Rb1 Qa5 11. Bd2 O-O 12. b3 Rfc8 13. O-O Bb7 14. Qc2 Qd8 15.
Nh4 Nb6 16. e4 Ba6 17. Rfe1 Ng4 18. Nf3 Nd7 19. a4 Rab8 20. Bf1 Bxf1 21. Rxf1
Rb7 22. Nb5 Qf8 23. h3 Nge5 24. Nxe5 Nxe5 25. f4 Nd7 26. Bc3 Bxc3 27. Qxc3 Qg7
28. Qd3 g5 29. Kh2 Kh8 30. e5 Rg8 31. e6 fxe6 32. dxe6 Nf6 33. f5 g4 34. h4
Rgb8 35. b4 cxb4 36. Rxb4 Qf8 37. a5 Qe8 38. Rfb1 Qc6 39. Nd4 Qd5 40. Rxb7 Rxb7
41. Rxb7 Qxb7 42. a6 Qb2+ 43. Ne2 Qa2 44. Kg1 Kg8 45. Kf1 Kf8 46. Qb5 Nd5 47.
Kf2 Kg7 48. Qb7 Kf6 49. a7 Nc3 50. a8=Q Qxe2+ 51. Kg1 Qe3+ 52. Kh2 d5 53. Qf8+
Ke5 54. Qc7+ Ke4 55. Qf4+ Qxf4 56. gxf4 Kf3 57. Qg7 Ne2 58. f6 g3+ 59. Kh1 d4
60. fxe7 d3 61. e8=Q d2 62. Qed7 Ke3 63. e7 1-0

[Event "Monarch Assurance Isle of Man 14th"]
[Site "Port Erin IOM"]
[Date "2005.09.26"]
[Round "3.23"]
[White "Smith, Andrew P"]
[Black "Neelotpal, Das"]
[Result "0-1"]
[WhiteElo "2204"]
[BlackElo "2467"]
[PlyCount "80"]
[EventDate "2005.09.24"]
[EventType "swiss"]
[EventRounds "9"]
[EventCountry "IOM"]

1. d4 Nf6 2. c4 e6 3. Nc3 Bb4 4. Nf3 c5 5. g3 cxd4 6. Nxd4 O-O 7. Bg2 Nc6 8.
O-O a6 9. Nb3 d6 10. Bf4 Bxc3 11. bxc3 e5 12. Bg5 h6 13. Bxf6 Qxf6 14. c5 Rd8
15. cxd6 Rxd6 16. Qc1 Bf5 17. Nc5 Qe7 18. Qb2 Rb8 19. Ne4 Rg6 20. Rfd1 b5 21.
Rd5 b4 22. e3 a5 23. Qd2 Rg4 24. Nc5 Rc4 25. Na4 bxc3 26. Nxc3 Nb4 27. Rb5 Rxb5
28. Nxb5 Qc5 29. a4 Bd3 30. Bf1 e4 31. Nd4 Nc2 32. Nxc2 Rxc2 33. Qd1 Rc3 34. h4
Kh7 35. Kh2 Rc2 36. Kg1 Qc3 37. Bg2 Qf6 38. Qe1 Re2 39. Bxe4+ Bxe4 40. Qxe2
Qxa1+ 0-1

[Event "Monarch Assurance Isle of Man 14th"]
[Site "Port Erin IOM"]
[Date "2005.09.26"]
[Round "3.24"]
[White "Kononenko, Tatiana"]
[Black "Mirzoeva, Elmira"]
[Result "1/2-1/2"]
[WhiteElo "2442"]
[BlackElo "2223"]
[PlyCount "107"]
[EventDate "2005.09.24"]
[EventType "swiss"]
[EventRounds "9"]
[EventCountry "IOM"]

1. d4 Nf6 2. c4 e6 3. Nf3 Bb4+ 4. Nbd2 b6 5. a3 Bxd2+ 6. Bxd2 Bb7 7. Bg5 d6 8.
e3 Nbd7 9. Bd3 e5 10. dxe5 dxe5 11. Bf5 Nc5 12. Nxe5 Bxg2 13. Rg1 Qe7 14. Ng4
Rd8 15. Qc2 Bf3 16. Rg3 Bxg4 17. Rxg4 h6 18. Bxf6 Qxf6 19. Ke2 g6 20. Be4 h5
21. Rf4 Qe5 22. Bd5 f5 23. Rd1 Ke7 24. b4 Ne6 25. Bxe6 Rxd1 26. Qxd1 Qxe6 27.
Rd4 Rf8 28. f4 Re8 29. Rd5 Kf7 30. Qd4 Re7 31. b5 c5 32. Qd3 Qf6 33. Rd8 Qb2+
34. Qd2 Qxd2+ 35. Kxd2 Kf6 36. h4 Ke6 37. Rf8 Rd7+ 38. Ke2 Ke7 39. Rg8 Kf6 40.
Rf8+ Ke7 41. Ra8 Kf7 42. a4 Rc7 43. Kf3 Re7 44. Ke2 Rc7 45. Rh8 Kg7 46. Rd8 Kf7
47. a5 Re7 48. a6 Kg7 49. Rb8 Kf7 50. Rb7 Ke8 51. Kd3 Rd7+ 52. Ke2 Re7 53. Kf3
Kf8 54. Ke2 1/2-1/2

[Event "Monarch Assurance Isle of Man 14th"]
[Site "Port Erin IOM"]
[Date "2005.09.26"]
[Round "3.25"]
[White "Walther, Cliff"]
[Black "Aagaard, Jacob"]
[Result "0-1"]
[WhiteElo "2175"]
[BlackElo "2442"]
[PlyCount "48"]
[EventDate "2005.09.24"]
[EventType "swiss"]
[EventRounds "9"]
[EventCountry "IOM"]

1. d4 d5 2. Nf3 Nf6 3. c4 e6 4. Bg5 dxc4 5. Qa4+ Nbd7 6. Qxc4 c5 7. Nc3 a6 8.
dxc5 Bxc5 9. e3 b5 10. Qb3 Be7 11. Be2 Bb7 12. O-O Nc5 13. Qc2 Rc8 14. Rfd1 Qa5
15. a3 Nce4 16. Rac1 O-O 17. Bxf6 Bxf6 18. Nd4 Nxc3 19. bxc3 Qxa3 20. Bf3 Bxf3
21. gxf3 Rfd8 22. Ra1 Qxc3 23. Qxc3 Rxc3 24. Rxa6 e5 0-1

[Event "Monarch Assurance Isle of Man 14th"]
[Site "Port Erin IOM"]
[Date "2005.09.26"]
[Round "3.26"]
[White "Zatonskih, Anna"]
[Black "Spence, David J"]
[Result "1-0"]
[WhiteElo "2435"]
[BlackElo "2218"]
[PlyCount "101"]
[EventDate "2005.09.24"]
[EventType "swiss"]
[EventRounds "9"]
[EventCountry "IOM"]

1. e4 e6 2. d4 d5 3. Nd2 Nf6 4. e5 Nfd7 5. c3 c5 6. Bd3 Nc6 7. Ne2 cxd4 8. cxd4
f6 9. exf6 Nxf6 10. O-O Bd6 11. f4 O-O 12. Nf3 Qb6 13. Kh1 Bd7 14. Nc3 Ne7 15.
Qe2 Nf5 16. a3 a6 17. Bd2 Rac8 18. Rab1 Qa7 19. g3 Bc7 20. Rbd1 Bb6 21. Be3 Ba5
22. Bd2 Bb6 23. Be3 Ba5 24. Ne5 Bxc3 25. bxc3 b5 26. g4 Nd6 27. Bd2 Nfe4 28.
Rc1 Be8 29. Rc2 Qe7 30. Rf3 Rc7 31. a4 Qh4 32. Kg2 Qd8 33. Qe1 Qe7 34. Kg1 Rb7
35. Bc1 Nc4 36. axb5 Nxe5 37. dxe5 Bxb5 38. c4 Ng5 39. Rg3 dxc4 40. Bf1 Nf7 41.
Ba3 Qd7 42. Bxf8 Kxf8 43. Bxc4 Qd4+ 44. Qf2 Qd1+ 45. Kg2 Bxc4 46. Qc5+ Re7 47.
Qxc4 g5 48. Rf2 gxf4 49. Qxf4 Qd5+ 50. Kh3 Kg8 51. g5 1-0

[Event "Monarch Assurance Isle of Man 14th"]
[Site "Port Erin IOM"]
[Date "2005.09.26"]
[Round "3.27"]
[White "Grant, Alan"]
[Black "Greet, Andrew N"]
[Result "1/2-1/2"]
[WhiteElo "2152"]
[BlackElo "2425"]
[PlyCount "82"]
[EventDate "2005.09.24"]
[EventType "swiss"]
[EventRounds "9"]
[EventCountry "IOM"]

1. e3 e5 2. c4 d6 3. Nc3 f5 4. d4 Nf6 5. Nf3 Nbd7 6. Be2 Be7 7. O-O c6 8. b4
Ne4 9. Bb2 Nxc3 10. Bxc3 e4 11. Nd2 d5 12. cxd5 cxd5 13. Qb3 Nf6 14. b5 Bd6 15.
Bb4 Bc7 16. f4 Be6 17. Rac1 Rc8 18. Qa4 Bb6 19. Nb3 Rxc1 20. Rxc1 Kf7 21. Ba5
Bxa5 22. Qxa5 Qxa5 23. Nxa5 Rc8 24. Rxc8 Bxc8 25. Kf2 Ke7 26. Ke1 {(=)} Kd6 27.
Kd2 Kc7 28. Kc3 Bd7 29. Nb3 b6 30. Na1 h6 31. Nc2 Kd6 32. Nb4 g5 33. g3 gxf4
34. gxf4 Ng4 35. Bxg4 fxg4 36. a4 h5 37. Kd2 h4 38. Ke1 Be8 39. Kf2 Bh5 40. Na2
Bf7 41. Nb4 Bh5 1/2-1/2

[Event "Monarch Assurance Isle of Man 14th"]
[Site "Port Erin IOM"]
[Date "2005.09.26"]
[Round "3.28"]
[White "Fairbairn, Stephen"]
[Black "Zude, Erik"]
[Result "1-0"]
[WhiteElo "2065"]
[BlackElo "2424"]
[PlyCount "99"]
[EventDate "2005.09.24"]
[EventType "swiss"]
[EventRounds "9"]
[EventCountry "IOM"]

1. c4 Nf6 2. d4 g6 3. Nc3 Bg7 4. Nf3 O-O 5. g3 d6 6. Bg2 Nc6 7. O-O e5 8. d5
Ne7 9. e4 h6 10. h3 Bd7 11. Ne1 c6 12. Nd3 cxd5 13. cxd5 b5 14. Be3 a5 15. a3
Qc8 16. Kh2 g5 17. f4 exf4 18. gxf4 g4 19. e5 g3+ 20. Kg1 Bxh3 21. exf6 Bxg2
22. Kxg2 Nf5 23. Bg1 Bxf6 24. Ne4 Bh4 25. Rc1 Qd7 26. Qg4+ Kh7 27. Qh5 Rg8 28.
Nxd6 Nxd6 29. Ne5 Qe7 30. Rc6 Rac8 31. Rfc1 Rxc6 32. Rxc6 Bf6 33. Bc5 Rd8 34.
Bxd6 Rxd6 35. Rxd6 Qxd6 36. Qxf7+ Bg7 37. Kxg3 Qc5 38. Kg4 Kh8 39. Ng6+ Kh7 40.
Ne5 Kh8 41. Qe8+ Kh7 42. Qg6+ Kg8 43. d6 Qg1+ 44. Kf5 Qb1+ 45. Ke6 Qxb2 46. d7
Qb3+ 47. Kd6 Qxa3+ 48. Kc7 Qc1+ 49. Kb6 Qe3+ 50. Ka6 1-0

[Event "Monarch Assurance Isle of Man 14th"]
[Site "Port Erin IOM"]
[Date "2005.09.26"]
[Round "3.29"]
[White "Dworakowska, Joanna"]
[Black "Groffen, Hans"]
[Result "1-0"]
[WhiteElo "2401"]
[BlackElo "2210"]
[PlyCount "75"]
[EventDate "2005.09.24"]
[EventType "swiss"]
[EventRounds "9"]
[EventCountry "IOM"]

1. e4 e6 2. d4 d5 3. Nc3 Nf6 4. Bg5 Bb4 5. e5 h6 6. Be3 Ne4 7. Qg4 Kf8 8. a3
Bxc3+ 9. bxc3 c5 10. Bd3 Nxc3 11. dxc5 Nc6 12. Nf3 f5 13. exf6 Qxf6 14. Qh5 Kg8
15. Qe8+ Qf8 16. Qxf8+ Kxf8 17. Bf4 Kf7 18. Ne5+ Kf6 19. Ng4+ Kf7 20. Kd2 Na4
21. Bd6 h5 22. Ne3 Nb2 23. Be2 Nd4 24. Bf1 Na4 25. Rb1 b6 26. Rb4 Nxc5 27. Rxd4
Ne4+ 28. Rxe4 dxe4 29. Kc1 Kf6 30. Be2 Bb7 31. Nc4 Bd5 32. Be5+ Kf5 33. Bb2
Bxc4 34. Bxc4 e5 35. Re1 Rhd8 36. f3 exf3 37. Rxe5+ Kf4 38. g3+ 1-0

[Event "Monarch Assurance Isle of Man 14th"]
[Site "Port Erin IOM"]
[Date "2005.09.26"]
[Round "3.30"]
[White "Roeder, Mathias"]
[Black "Hughes, Howard R"]
[Result "1/2-1/2"]
[WhiteElo "2393"]
[BlackElo "2194"]
[PlyCount "80"]
[EventDate "2005.09.24"]
[EventType "swiss"]
[EventRounds "9"]
[EventCountry "IOM"]

1. Nf3 f5 2. g3 Nf6 3. c4 d6 4. d4 e6 5. Nc3 Be7 6. Bg2 O-O 7. O-O Qe8 8. b3
Nbd7 9. Ba3 e5 10. Nb5 Bd8 11. dxe5 Nxe5 12. Nc3 f4 13. c5 fxg3 14. hxg3 Qh5
15. cxd6 Nfg4 16. Re1 c6 17. d7 Bb6 18. Ne4 Bxd7 19. Bxf8 Rxf8 20. b4 Be6 21.
Nc5 Bxc5 22. bxc5 Nxf3+ 23. exf3 Qh2+ 24. Kf1 Bc4+ 25. Re2 Re8 26. Qb3 Bxb3 27.
Rxe8+ Kf7 28. axb3 Kxe8 29. fxg4 Qh6 30. Bf3 a6 31. Re1+ Kd8 32. Kg2 Qg5 33. b4
a5 34. bxa5 Qxc5 35. Ra1 Kc7 36. a6 Qc3 37. Ra4 Qc2 38. Ra5 Qc3 39. Ra4 Qc2 40.
Ra5 Qc3 1/2-1/2

[Event "Monarch Assurance Isle of Man 14th"]
[Site "Port Erin IOM"]
[Date "2005.09.26"]
[Round "3.31"]
[White "Sareen, Vishal"]
[Black "Lohou, Stephane"]
[Result "1-0"]
[WhiteElo "2385"]
[BlackElo "2144"]
[PlyCount "69"]
[EventDate "2005.09.24"]
[EventType "swiss"]
[EventRounds "9"]
[EventCountry "IOM"]

1. e4 c5 2. Nf3 e6 3. d4 cxd4 4. Nxd4 a6 5. Nc3 b5 6. Bd3 Qb6 7. Nf3 Nc6 8. Qe2
d6 9. O-O Nf6 10. a4 b4 11. Nb1 Be7 12. Nbd2 O-O 13. Nc4 Qc7 14. Bg5 Bb7 15.
Rad1 Rad8 16. Rfe1 d5 17. exd5 Rxd5 18. Nce5 Nxe5 19. Nxe5 a5 20. f4 Rdd8 21.
Rf1 Nd5 22. Rf3 f6 23. Rh3 f5 24. Qh5 h6 25. Bxh6 Qc5+ 26. Kh1 Ne3 27. Rxe3
Qxe3 28. Bxg7 Kxg7 29. Qg6+ Kh8 30. Qh6+ Kg8 31. Qxe6+ Kh7 32. Qxe7+ Kg8 33.
Bc4+ Bd5 34. Bxd5+ Rxd5 35. Qe6+ 1-0

[Event "Monarch Assurance Isle of Man 14th"]
[Site "Port Erin IOM"]
[Date "2005.09.26"]
[Round "3.32"]
[White "Martin, Katie"]
[Black "Cox, John"]
[Result "0-1"]
[WhiteElo "1953"]
[BlackElo "2385"]
[PlyCount "88"]
[EventDate "2005.09.24"]
[EventType "swiss"]
[EventRounds "9"]
[EventCountry "IOM"]

1. e4 Nf6 2. e5 Nd5 3. d4 d6 4. c4 Nb6 5. exd6 cxd6 6. Nc3 g6 7. Be3 Bg7 8. Rc1
O-O 9. b3 e5 10. dxe5 dxe5 11. Qxd8 Rxd8 12. c5 N6d7 13. Bc4 Nc6 14. Nf3 Na5
15. Be2 b6 16. cxb6 Nxb6 17. O-O Bb7 18. Rfd1 Nc6 19. Nb5 Rxd1+ 20. Rxd1 Nb4
21. Bc5 N4d5 22. Nd6 Bc6 23. Rc1 Nf4 24. Bf1 Bxf3 25. gxf3 Bf8 26. Bxb6 axb6
27. Nc4 Bc5 28. a4 Bd4 29. Ne3 Ra7 30. Rc6 Kg7 31. Bc4 Rd7 32. b4 h5 33. h4 Ra7
34. a5 bxa5 35. bxa5 Rxa5 36. Rc7 Ra7 37. Rxa7 Bxa7 38. Kh2 Bc5 39. Kg3 Ba7 40.
Nd5 Ne6 41. f4 exf4+ 42. Nxf4 Nxf4 43. Kxf4 Bxf2 44. Kg5 Be3# 0-1

[Event "Monarch Assurance Isle of Man 14th"]
[Site "Port Erin IOM"]
[Date "2005.09.26"]
[Round "3.33"]
[White "Dunn, Andrew"]
[Black "Negi, Parimarjan"]
[Result "1/2-1/2"]
[WhiteElo "2197"]
[BlackElo "2376"]
[PlyCount "100"]
[EventDate "2005.09.24"]
[EventType "swiss"]
[EventRounds "9"]
[EventCountry "IOM"]

1. d4 Nf6 2. Nf3 e6 3. Bg5 Be7 4. Nbd2 c5 5. c3 d5 6. e3 Nc6 7. Bd3 b6 8. O-O
Bb7 9. Qe2 Nd7 10. Bxe7 Qxe7 11. Rfe1 O-O 12. e4 dxe4 13. Qxe4 g6 14. Bb5 Rac8
15. Qf4 cxd4 16. Bxc6 Rxc6 17. Nxd4 Rc5 18. Ne4 Rd5 19. Qc7 Rb8 20. Rad1 Qd8
21. Qxd8+ Rxd8 22. c4 Re5 23. Nf6+ Kh8 24. Nc2 Rxe1+ 25. Nxe1 Bc8 26. Nf3 Kg7
27. Nxd7 Rxd7 28. Rxd7 Bxd7 29. Ne5 Be8 30. b4 Kf6 31. Nd3 e5 32. f3 Bd7 33.
Kf2 Be6 34. Nb2 Ke7 35. Ke3 f5 36. f4 exf4+ 37. Kxf4 b5 38. cxb5 Bxa2 39. Na4
Kd6 40. Kg5 Bd5 41. g3 Bc4 42. b6 axb6 43. Nxb6 Bb3 44. Nc8+ Kd7 45. Na7 Bc4
46. b5 Kc7 47. Kh6 Bd3 48. h4 Kb6 49. Nc6 Kxb5 50. Ne5 Bc2 1/2-1/2

[Event "Monarch Assurance Isle of Man 14th"]
[Site "Port Erin IOM"]
[Date "2005.09.26"]
[Round "3.34"]
[White "Fraser-Mitchell, Jeremy"]
[Black "Gladyszev, Oleg"]
[Result "0-1"]
[WhiteElo "2098"]
[BlackElo "2436"]
[PlyCount "75"]
[EventDate "2005.09.24"]
[EventType "swiss"]
[EventRounds "9"]
[EventCountry "IOM"]

1. d4 Nf6 2. c4 g6 3. Nc3 Bg7 4. e4 d6 5. f3 O-O 6. Bg5 c5 7. d5 e6 8. Qd2 exd5
9. cxd5 Bd7 10. Bd3 Na6 11. Nge2 Rc8 12. O-O c4 13. Bc2 b5 14. Nd4 b4 15. Nce2
Qb6 16. Be3 Nc5 17. Rac1 a5 18. Bb1 Qa6 19. h3 Rfe8 20. Ng3 h5 21. Bh6 Bh8 22.
Rfe1 h4 23. Ngf5 Nh7 24. Nxh4 Nd3 25. Ne6 Nxc1 26. Rxc1 Bxe6 27. dxe6 Rxe6 28.
f4 Qb6+ 29. Kh1 Qd4 30. f5 Qxd2 31. Bxd2 gxf5 32. Nxf5 Bxb2 33. Rf1 c3 34. Bc1
Bxc1 35. Rxc1 Ng5 36. Bc2 Rc5 37. Bb3 Nxe4 38. Bxe6 0-1

[Event "Monarch Assurance Isle of Man 14th"]
[Site "Port Erin IOM"]
[Date "2005.09.26"]
[Round "3.35"]
[White "Werner, Gert"]
[Black "Mannion, Stephen"]
[Result "0-1"]
[WhiteElo "2047"]
[BlackElo "2331"]
[PlyCount "54"]
[EventDate "2005.09.24"]
[EventType "swiss"]
[EventRounds "9"]
[EventCountry "IOM"]

1. g3 d5 2. Bg2 Nf6 3. Nf3 Bf5 4. b3 e6 5. Bb2 Be7 6. O-O O-O 7. d3 h6 8. Nbd2
Bh7 9. Qe1 c5 10. e4 Nc6 11. Qe2 Re8 12. a3 b5 13. Ne5 Nxe5 14. Bxe5 Rc8 15. f4
c4 16. bxc4 bxc4 17. Ra2 cxd3 18. cxd3 Qb6+ 19. Kh1 Qa6 20. Nb3 Red8 21. f5
dxe4 22. Bxe4 exf5 23. Bg2 Qxd3 24. Qxd3 Rxd3 25. Nd4 Ng4 26. Nxf5 Bxf5 27.
Rxf5 Rd1+ 0-1

[Event "Monarch Assurance Isle of Man 14th"]
[Site "Port Erin IOM"]
[Date "2005.09.26"]
[Round "3.36"]
[White "Zozulia, Anna"]
[Black "Goodger, Martyn"]
[Result "1-0"]
[WhiteElo "2314"]
[BlackElo "2162"]
[PlyCount "67"]
[EventDate "2005.09.24"]
[EventType "swiss"]
[EventRounds "9"]
[EventCountry "IOM"]

1. e4 e5 2. d4 exd4 3. Qxd4 Nc6 4. Qa4 Nf6 5. Nf3 d5 6. exd5 Nxd5 7. Be2 Be7 8.
O-O O-O 9. Rd1 Nb6 10. Qe4 Qe8 11. Nc3 f5 12. Qd3 Be6 13. Bf4 Nb4 14. Qd2 Rd8
15. Qc1 Rxd1+ 16. Qxd1 N4d5 17. Nxd5 Nxd5 18. Be5 c5 19. Bc4 Qc6 20. Qe2 Bf7
21. Re1 Bf6 22. Bxf6 gxf6 23. Qd3 Nb4 24. Bxf7+ Rxf7 25. Qxf5 Qd5 26. Re8+ Kg7
27. Qg4+ Kh6 28. Nh4 f5 29. Qf4+ Kh5 30. h3 Nxc2 31. g4+ fxg4 32. Qxg4+ Kh6 33.
Re6+ Qxe6 34. Qxe6+ 1-0

[Event "Monarch Assurance Isle of Man 14th"]
[Site "Port Erin IOM"]
[Date "2005.09.26"]
[Round "3.37"]
[White "Peric, Slavisa"]
[Black "Bennion, David A"]
[Result "1/2-1/2"]
[WhiteElo "2280"]
[BlackElo "2074"]
[PlyCount "100"]
[EventDate "2005.09.24"]
[EventType "swiss"]
[EventRounds "9"]
[EventCountry "IOM"]

1. d4 Nf6 2. Nf3 g6 3. Nc3 d5 4. Bf4 Bg7 5. Qd2 Bf5 6. O-O-O Na6 7. Bh6 Bxh6 8.
Qxh6 Nb4 9. Rd2 Ne4 10. Qg7 Rf8 11. Nxe4 Nxa2+ 12. Kb1 dxe4 13. Kxa2 Qd5+ 14.
Kb1 exf3 15. gxf3 Be6 16. b3 Qa5 17. Rd1 O-O-O 18. Bg2 Rg8 19. Qh6 g5 20. Bh3
Rg6 21. Qxh7 Bxh3 22. Qxh3+ Kb8 23. Kb2 Ra6 24. Ra1 Qd2 25. Rxa6 Qxd4+ 26. Kb1
{(=)} bxa6 27. Qg4 Qc5 28. Qc4 Qxc4 29. bxc4 Rh8 30. Kb2 Kb7 31. Kc3 Rh6 32.
Kd4 Rh4+ 33. Kc5 a5 34. e3 Ka6 35. Kd5 Rh3 36. f4 gxf4 37. exf4 a4 38. Kc6 Ka5
39. c5 Kb4 40. Rb1+ Kc4 41. Ra1 a3 42. Re1 Kc3 43. Kxc7 a2 44. Kb7 Kxc2 45. c6
a5 46. c7 Rb3+ 47. Ka6 Rc3 48. Kb7 Rb3+ 49. Ka6 Rc3 50. Kb7 Rb3+ 1/2-1/2